| 000 | 00515nam a2200157 a 4500 | ||
|---|---|---|---|
| 001 | 000030778 | ||
| 005 | 20200930062514.0 | ||
| 008 | 110530s1936 dr 000 0 spa d | ||
| 040 |
_aDO-SdBNP _bspa _cBNPHU |
||
| 082 |
_axxxx _bS211i |
||
| 100 | 1 |
_aSánchez, Juan Fco. _912770 |
|
| 245 | 1 | 0 |
_aIdeas y comentarios / _cJuan Fco. Sánchez; prólogo Francisco Svelti Jr. |
| 260 |
_aCiudad Trujillo, República Dominicana _aMontalvo, _c1936. |
||
| 300 |
_a63 p. ; _c21 cm. |
||
| 700 | 1 | 2 |
_aSvelti Jr., Francisco, _epról. _957336 |
| 999 |
_c30270 _d30270 |
||